VELENIE JEDNOTKÁM A ÚTVAROM VOJSKOVEJ PVO S VYUŽITÍM ŠTANDARDOV NATO 2. časť

Bibliographic Details
Main Authors: Zach, Rudolf (Author), Fürster, Jaroslav (Author)
Format: Article
Language:Slovak

MARC

LEADER 00000nab a2200000 a 4500
001 vtls011132656
003 SK-MaSNL
005 20260303151050.0
008 230222|2001 xo |||||||||||||||||slo|
015 |a SNBRB 
035 |a (uuid)114d93af-6c94-46e1-ab3f-11daea8a6617 
035 |a (urnnbn)urn:nbn:sk:snk:ar-a09mt9 
035 |a urn:nbn:sk:snk-abaafy 
040 |a SNKBUCL  |b slo  |c SNKBUCL  |e AACR2 
041 0 |a slo 
044 |a xo  |c SK 
100 1 |a Zach, Rudolf  |4 aut  |9 806337 
245 1 0 |a VELENIE JEDNOTKÁM A ÚTVAROM VOJSKOVEJ PVO S VYUŽITÍM ŠTANDARDOV NATO 2. časť  |c Rudolf Zach, Jaroslav Fürster 
700 1 |a Fürster, Jaroslav  |4 aut  |9 650918 
773 0 |t Zborník Vojenskej akadémie Slovenského národného povstania  |g Roč. 8, č. 3 (2001), s. 47-56 
954 |a odborná, vedecká literatúra pôvodná (slovenská)  |2 lita 
958 |a OND 
958 |a EUIPO 
958 |a article13 
999 |c 2015656  |d 2017586